Word Ladder: '60s Song Quiz Stats

Quiz Updated Sep 29, 2016

Challenge
Share
Tweet
Embed
Score 0/28 Timer 03:00
1 Play Today
Clue % Correct
California Gold ____RUSH
93.9%
Water around a fortMOAT
93.1%
In perfect condition, like a baseball cardMINT
92.6%
____ Blanc, tallest of the AlpsMONT
92%
Waterfall sprayMIST
90.5%
Horned animalGOAT
90.3%
The Real ____ Shady (Eminem)SLIM
90.1%
Possible allergic reactionRASH
89.8%
Urban area of extreme povertySLUM
89.6%
Upright timber on a shipMAST
89.2%
What happens when you move the camera when taking a pictureBLUR
88.4%
Run one's words togetherSLUR
87.2%
AdhesiveGLUE
86.8%
Cut open the skinSLIT
82.6%
Clue % Correct
Deliberately bad-manneredRUDE
81.7%
Joint inflammation, commonly in the footGOUT
80.9%
Crosby, Stills and ____ (singers of this quiz's song)NASH
80.4%
Boxers Muhammad and LailaALIS
79.5%
Stunt intended to deceiveRUSE
79.1%
Suite: [rung 1] [rung 18] [rung 28], 1969 song•BLUE•
77.3%
Excessive amountGLUT
74.7%
Malt beveragesALES
73.4%
Thomas who is called the 'Father of the American Cartoon'NAST
71.6%
Yes votesAYES
71.6%
Came down to earthALIT
69.8%
Penultimate book of the New TestamentJUDE
68.9%
Suite: [rung 1] [rung 18] [rung 28], 1969 song•EYES•
49.4%
Suite: [rung 1] [rung 18] [rung 28], 1969 song•JUDY•
37.1%

Today's Daily Dose

Missing Word
Fruity Song Titles

Quick Pick
Double Blanks

On This Day
June 22nd II

You're not logged in!

Compare scores with friends on all Sporcle quizzes.
Join for Free
OR
Log In

You Might Also Like...

Show Comments

Extras

Top Quizzes Today


Score Distribution

Your Account Isn't Verified!

In order to create a playlist on Sporcle, you need to verify the email address you used during registration. Go to your Sporcle Settings to finish the process.

Report this User

Report this user for behavior that violates our Community Guidelines.

Details: